Statistics for Top 3 Players on every NFL Team 2023

Click here to take the quiz!

General Stats

  • This quiz has been taken 25 times
    (10 since last reset)
  • The average score is 48 of 96

Answer Stats

Answer% Correct
Josh Allen
100%
Stefon Diggs
100%
Tyreek Hill
100%
Aaron Jones
83%
Ceedee Lamb
83%
Christian McCaffrey
83%
CJ Stroud
83%
Derrick Henry
83%
DK Metcalf
83%
Garrett Wilson
83%
Jamarr Chase
83%
Jason Kelce
83%
Joe Burrow
83%
Johnathan Allen
83%
Justin Jefferson
83%
Keenan Allen
83%
Kirk Cousins
83%
Mike Evans
83%
Nico Collins
83%
Patrick Mahomes
83%
Puka Nacua
83%
Saquon Barkley
83%
Sauce Gardner
83%
TJ Watt
83%
Trevon Diggs
83%
Aaron Donald
67%
A.J. Brown
67%
Amari Cooper
67%
Amon-Ra St. Brown
67%
Chris Jones
67%
Davante Adams
67%
Dexter Lawrence II
67%
Jalen Ramsey
67%
Kyler Murray
67%
Kyren Williams
67%
Lamar Jackson
67%
Myles Garrett
67%
Nick Bosa
67%
Quinnen Williams
67%
Roquan Smith
67%
Terry McLaurin
67%
Trent Williams
67%
Trevor Lawrence
67%
Baker Mayfield
50%
Calvin Ridley
50%
Courtland Sutton
50%
DeAndre Hopkins
50%
Denzel Ward
50%
Derrick Brown
50%
DJ Moore
50%
Drake London
50%
Jonathan Taylor
50%
Josh Jacobs
50%
Lane Johnson
50%
Marquise Brown
50%
Maxx Crosby
50%
Trey Hendrickson
50%
Budda Baker
33%
Cameron Heyward
33%
Derek Stingley
33%
Derwin James
33%
Jahmyr Gibbs
33%
Jaylon Johnson
33%
Jeffery Simmons
33%
Justin Simmons
33%
Khalil Mack
33%
Matt Judon
33%
Micah Parsons
33%
Minkah Fitzpatrick
33%
Patrick Surtain II
33%
Quentin Nelson
33%
Rhamondre Stevenson
33%
Aidan Hutchinson
17%
Brian Burns
17%
Chris Lindstrom
17%
Christian Gonzalez
17%
Danielle Hunter
17%
Deforest Buckner
17%
Demario Davis
17%
Devon Witherspoon
17%
Dion Dawkins
17%
Grady Jarrett
17%
Jaire Alexander
17%
Jaycee Horn
17%
L'Jarius Sneed
17%
Marshon Lattimore
17%
Montaz Sweat
17%
Tariq Woolen
17%
Travis Etienne
17%
Tristan Wirfs
17%
Daron Payne
0%
David Bhakhtiari
0%
Jevon Holland
0%
Justin Madabuike
0%
Kayvon Thibodeaux
0%
Ryan Ramczyk
0%

Score Distribution

Percentile by Number Answered

Percent of People with Each Score

Your Score History

You have not taken this quiz since the last reset